| 000 | 00528nam a2200181Ia 4500 | ||
|---|---|---|---|
| 999 |
_c12906 _d12906 |
||
| 003 | OSt | ||
| 005 | 20201116161428.0 | ||
| 008 | 190216s9999||||xx |||||||||||||| ||und|| | ||
| 020 | _a0435284908 | ||
| 040 | _coclc | ||
| 082 |
_a425 _bJUP/E |
||
| 100 |
_aJupp, T C _96603 |
||
| 245 | 0 |
_aEnglish Sentence Structure / _cT C Jupp ; John Milne |
|
| 260 |
_bThe English Language Book Society, _c1976. _aLondon; |
||
| 300 | _a262p | ||
| 650 | _aEnglish Literature | ||
| 942 |
_cBK _2ddc _h425 _iJUP/E _k425 _mJUP/E |
||